=LDR 00000nam 2200000 4500 =001 INLIS000000000005512 =005 20251017083149 =035 ##$$a 0010-1025000567 =007 ta =008 251017###########################0#ind## =082 ##$$a 915.98 =084 ##$$a 915.98 S S r =100 #$$a S Selvaratnam =245 1#$$a Report On a Mission To Indonesia 30th March to 4th April 1975 /$c Badan Koordinasi Keluarga Berencana Nasional =260 ##$:$b Badan Koordinasi Keluarga Berencana Nasional,$c 9 Hal =300 ##$$a 9 Hal : $b Ilus ; $c 21 =650 #4$$a Keluarga Berencana =856 ##$$a Perpustakaan Kemendukbangga